Nationalism and sexualities
Αποθηκεύτηκε σε:
| Μορφή: | Βιβλίο |
|---|---|
| Γλώσσα: | English |
| Δημοσίευση: |
London :
Routledge,
1992
|
| Θέματα: | |
| Ετικέτες: |
Προσθήκη ετικέτας
Δεν υπάρχουν, Καταχωρήστε ετικέτα πρώτοι!
|
MARC
| LEADER | 00000nam a2200000 i 4500 | ||
|---|---|---|---|
| 001 | 1/3983 | ||
| 008 | 960502s1992 eng d | ||
| 020 | |a 0-415-90433-1 | ||
| 035 | |l 10015415 | ||
| 040 | |a GR-MY-UA |b gre |e aacr | ||
| 041 | 0 | |a eng | |
| 082 | 0 | |a 306.7 | |
| 245 | 1 | 0 | |a Nationalism and sexualities / |c Edited by Andrew Parker...[et al] |
| 260 | |a London : |b Routledge, |c 1992 | ||
| 300 | |a 451 p. | ||
| 504 | |a Includes bibliographical references | ||
| 650 | 0 | 0 | |a Sex customs |x Cross-cultural studies. |
| 650 | 0 | 0 | |a Sex differences |x Cross-cultural studies. |
| 650 | 0 | 0 | |a National characteristics |x Cross-cultural studies. |
| 852 | |a INST |b LESVOS |e 19960502 |h 306.7 NAT |p 005100010404 |q 005100010404 |t BK |y 0 | ||
| 909 | |a Λ |b 044921 | ||